Advanced Safety Management : (Record no. 13426)
[ view plain ]
| 000 -LEADER | |
|---|---|
| fixed length control field | 00825nam a22002177a 4500 |
| 008 - FIXED-LENGTH DATA ELEMENTS--GENERAL INFORMATION | |
| fixed length control field | 190314b ||||| |||| 00| 0 eng d |
| 020 ## - INTERNATIONAL STANDARD BOOK NUMBER | |
| International Standard Book Number | 9781118840986 |
| 082 ## - DEWEY DECIMAL CLASSIFICATION NUMBER | |
| Edition number | 2014 |
| Classification number | AV-Eb 363.11 |
| Item number | M294 |
| 100 ## - MAIN ENTRY--PERSONAL NAME | |
| Personal name | Manuele, Fred A. |
| 9 (RLIN) | 37559 |
| 245 ## - TITLE STATEMENT | |
| Title | Advanced Safety Management : |
| Remainder of title | focusing on Z10 and serious injury prevention / |
| Statement of responsibility, etc. | Fred A. Manuele |
| 250 ## - EDITION STATEMENT | |
| Edition statement | Second Edition |
| 260 ## - PUBLICATION, DISTRIBUTION, ETC. (IMPRINT) | |
| Place of publication, distribution, etc. | Canada: |
| Name of publisher, distributor, etc. | John Wiley & Sons, Incorporated, |
| Date of publication, distribution, etc. | ©2014. |
| 300 ## - PHYSICAL DESCRIPTION | |
| Extent | 543 pages; |
| 500 ## - GENERAL NOTE | |
| General note | Includes index. |
| 650 ## - SUBJECT ADDED ENTRY--TOPICAL TERM | |
| Topical term or geographic name as entry element | Industrial hygiene -- Management. |
| 9 (RLIN) | 37560 |
| 650 ## - SUBJECT ADDED ENTRY--TOPICAL TERM | |
| Topical term or geographic name as entry element | Industrial safety -- Management. |
| 9 (RLIN) | 37561 |
| 650 ## - SUBJECT ADDED ENTRY--TOPICAL TERM | |
| Topical term or geographic name as entry element | Wounds and injuries -- Prevention. |
| 9 (RLIN) | 37562 |
| 700 ## - ADDED ENTRY--PERSONAL NAME | |
| Personal name | Manuele, Fred A. |
| 9 (RLIN) | 37559 |
| 856 ## - ELECTRONIC LOCATION AND ACCESS | |
| Link text | https://ebookcentral.proquest.com/lib/uniofmindanao-ebooks/detail.action?docID=1662676 |
| 942 ## - ADDED ENTRY ELEMENTS (KOHA) | |
| Source of classification or shelving scheme | Dewey Decimal Classification |
| Koha item type | Ebooks |
| Withdrawn status | Lost status | Source of classification or shelving scheme | Damaged status | Not for loan | Home library | Current library | Shelving location | Date acquired | Source of acquisition | Total Checkouts | Full call number | Barcode | Date last seen | Copy number | Price effective from | Koha item type |
|---|---|---|---|---|---|---|---|---|---|---|---|---|---|---|---|---|
| Dewey Decimal Classification | UM Digos College - LIC | UM Digos College - LIC | Processing Center | 03/14/2019 | Downloaded | AV-Eb 363.11 M294 | Eb072 | 03/14/2019 | 1 | 03/14/2019 | Ebooks |
